| 000 | 00436nam a2200157Ia 4500 | ||
|---|---|---|---|
| 001 | 60546 | ||
| 008 | 080101n ii |||gr||||Z||||||465 | ||
| 082 | _a530 | ||
| 100 |
_aNCERT, _eAuthor. |
||
| 245 | 0 |
_aComplete solution to NCERT questions & NCERT exemplar problems XI _cby NCERT _hTextual Documents |
|
| 260 |
_aJalandhar: _bS. Dinesh & Co. |
||
| 300 |
_a129pg.: _c27cm. |
||
| 653 | _aPhysics | ||
| 653 | _aG-Physics | ||
| 942 |
_2ddc _cBK |
||
| 999 |
_c61677 _d61677 |
||